000 00837cam a2200181 4500
001 WB3801-54
008 020108n2002 000 0 eng u
035 _a(Sirsi) u116172
245 _aWaste management businesses and WEEE
260 _c2002
490 _aENDS Report
_v(323) December 2001, 17-18(2)
520 _aThe EU Directive on waste electrical and electronic equipment (WEEE) is likely to be formally adopted in 2002. Member States will be required to establish collection systems and associated financing arrangements. Considers the first indications of how waste management businesses are likely to respond to the Directive.
590 _aWB
650 _aWASTE ELECTRICAL AND ELECTRONIC EQUIPMENT REGULATIONS
650 _aEU DIRECTIVE
690 _aENVIRONMENTAL AND LAND CONSULTANCY-WASTE MANAGEMENT
942 _n0
999 _c69201
_d69201